Кн. 4 : Математические модели технических объектов; САПР. Системы автоматизированного проектирования

Bibliografske podrobnosti
Parent link:САПР. Системы автоматизированного проектирования: учебное пособие/ под ред. И. П. Норенкова. Кн. 4 : Математические модели технических объектов.— , 1986
Glavni avtor: Трудоношин В. А.
Drugi avtorji: Пивоваров Н. В.
Jezik:ruščina
Izdano: 1986
Teme:
Format: MixedMaterials Knjiga
KOHA link:https://koha.lib.tpu.ru/cgi-bin/koha/opac-detail.pl?biblionumber=36450

MARC

LEADER 00000nam2a2200000 4500
001 36450
005 20231101210355.0
035 |a (RuTPU)RU\TPU\book\36923 
035 |a BOOK00003575 
090 |a 36450 
100 |a 20011210d1986 m y0rusy50 ca 
101 0 |a rus 
102 |a RU 
105 |a a j 001zy 
200 0 |a Кн. 4 : Математические модели технических объектов  |f В. А. Трудоношин, Н. В. Пивоваров 
210 |d 1986 
215 |a 157 с.  |c ил. 
320 |a Библиогр.: с. 158 (9 назв.). 
461 1 |0 (RuTPU)RU\TPU\book\75910  |t САПР. Системы автоматизированного проектирования  |o учебное пособие  |o в 9 кн.  |f под ред. И. П. Норенкова  |v Кн. 4 : Математические модели технических объектов  |d 1986 
606 1 |a САПР система автоматизированного проектирования  |2 stltpush  |3 (RuTPU)RU\TPU\subj\53841  |9 72006 
610 1 |a автоматизированное проектирование 
610 1 |a технические средства 
610 1 |a математическое обеспечение 
610 1 |a технические системы 
610 1 |a математическое моделирование 
610 1 |a учебные пособия 
675 |a 658.512.2.011.56(075.8)  |v 3 
700 1 |a Трудоношин  |b В. А. 
701 1 |a Пивоваров  |b Н. В. 
801 0 |a RU  |b 63413507  |c 20011210  |g PSBO 
801 2 |a RU  |b 63413507  |c 20160418  |g PSBO 
900 |a Системы автоматизированного проектирования технологических процессов 
900 |a Математическое моделирование в электромеханике 
900 |a Математические основы кибернетики 
942 |c BK